Rytířské legendy /

Main Author: Hulpach, Vladimír, 1935-
Other Authors: Šišková, Markéta, 1962-
Language: Czech
Published: Praha : Aventinum, 1997
Edition: Vyd. 1.
Online Access: Digitalizovaný dokument
Physical Description: [80] s. : il. ; 33 cm
Book
Saved in:
LEADER 01673nam a2200421 a 4500
001 000230217
003 CZ BrMZK
005 20210414113017.0
007 ta
008 970107s1997 xr b j cze d
015 |a cnb000276893 
020 |a 80-7151-027-0 
035 |a (OCoLC)38297252 
040 |a BOA001  |b cze 
072 7 |a 821.162.3-3  |x Česká próza  |2 Konspekt  |9 25 
072 7 |a 821-93  |x Literatura pro děti a mládež (beletrie)  |2 Konspekt  |9 26 
080 |a 821.162.3-32  |2 MRF 
080 |a 821-93  |2 MRF 
080 |a 316.728:929.733  |2 MRF 
080 |a 821-1/-8(0.046.6)  |2 MRF 
080 |a (0:82-343)  |2 MRF 
100 1 |a Hulpach, Vladimír,  |d 1935-  |7 jn20001103804  |4 aut 
245 1 0 |a Rytířské legendy /  |c text Vladimír Hulpach ; ilustrace Markéta Šišková 
250 |a Vyd. 1. 
260 |a Praha :  |b Aventinum,  |c 1997 
300 |a [80] s. :  |b il. ;  |c 33 cm 
500 |a Dostupné též v digitální podobě v aplikaci Kramerius 
650 0 7 |a rytířství  |7 ph125380  |2 czenas 
655 7 |a české příběhy  |7 fd133973  |2 czenas 
655 7 |a literární adaptace  |7 fd119387  |2 czenas 
655 7 |a legendy  |7 fd132726  |2 czenas 
655 7 |a publikace pro děti  |7 fd133156  |2 czenas 
700 1 |a Šišková, Markéta,  |d 1962-  |7 xx0051027  |4 ill 
856 4 1 |u http://www.digitalniknihovna.cz/mzk/uuid/uuid:64a563c0-4267-11ef-81c2-5ef3fc9bb22f  |y Digitalizovaný dokument  |x NDK 
910 |a BOA001  |b PK-N-0033.327  |b 4-1037.146 
990 |a BK 
996 6 |b 2610825712  |c 4-1037.146  |l MZK  |r Sklad / do 1 hodiny  |n 0  |p dar  |w 000230217  |u 000030  |a 1  |e BOA001  |j MZK50  |s P 
996 7 |b 3119009367  |c PK-N-0033.327  |l MZK  |r Sklad / do 1 hodiny  |n 39  |p kup  |w 000230217  |u 000010  |a 1  |e BOA001  |j MZK50  |s A